Normal view
MARC view
- القرعان، موفق عبدالرحمن محمد
Entry Personal Name
001 - CONTROL NUMBER
- control field: 64840
003 - CONTROL NUMBER IDENTIFIER
- control field: JO-AjAnu
005 - DATE AND TIME OF LATEST TRANSACTION
- control field: 20231210124938.0
008 - FIXED-LENGTH DATA ELEMENTS
- fixed length control field: 231210|| aca||aabn | a|a d
040 ## - CATALOGING SOURCE
- Original cataloging agency: JO-AjAnu
100 ## - HEADING--PERSONAL NAME
- Linkage: القرعان، موفق عبدالرحمن محمد
- Personal name: القرعان، موفق عبدالرحمن محمد